00474 2200169 4500001002100000005001500021035002000036245007500056100002400131300001800155700002400173260003600197082000800233084001400241600002400255990002500279INLIS00000000000052420251106021217 a0010-11250001031 aMENGOLAH ROTAN :bUNTUK BARANG KERAJINAN EKSPOR /cH.HARTANTO SOEDJONO0 aH.HARTANTO SOEDJONO a75 ;c20,5 cm0 aH.HARTANTO SOEDJONO aSEMARANG :bDAHARA PRIZE,c1997 a746 a746 H.H m 4aH.HARTANTO SOEDJONO a2006/SMKMIRI/111/001